00778nam a2200241 a 450000100100000000500170001000800410002702000150006804000200008308200180010310000400012124000230016124500740018426000340025830000250029250000560031753400300037365000260040365000420042970000390047104900090051099900170051900002218420200930011623.0100917s1998 mx r 000 f spa d a9681904850 aDO-SdBNPcBNPHU a843.92bB328a1 aBataille, Christophe,d1971-94590010aAnnam.lEspañol.10aAnnam /cChristophe Bataille ; traducción de Alberto Ruy Sánchez. aMéxico :bAlfaguara,c1998. a76, [1] P. ;c22 cm. aIncluye datos biográficos del autor en la solapa. aTítulo original:tAnnam 4aNovela francesa91075 4aLiteratura francesaySIGLO XXI9459011 aRuy Sánchez, Albertoetr.945902 aBNGR c21682d21682